| 000 | 00567nam a22001937a 4500 | ||
|---|---|---|---|
| 005 | 20220420124435.0 | ||
| 008 | 220310b ||||| |||| 00| 0 eng d | ||
| 020 | _a9788183306096 | ||
| 040 | _cAL | ||
| 041 | _aeng | ||
| 082 |
_223 _a543 _bKAUA |
||
| 100 |
_aSuresh Kautilya _923299 |
||
| 245 | _aAnalytical chemistry | ||
| 260 |
_aNew Delhi _bArjun publishing house _c2017 |
||
| 300 |
_a258p. _bHB _c22.3x14.2cm. |
||
| 365 |
_2General _aVBI-1345 _b₹746.25 _c₹ _d₹995.00 _e25% _f21-02-2022 |
||
| 650 |
_2Chemistry _aAnalytical chemistry _923300 |
||
| 942 |
_2ddc _cBK |
||
| 999 |
_c221806 _d221806 |
||